书目信息 |
| 题名: |
解海龙
|
|
| 作者: | 李媚 , 阮义忠 主编 ;解海龙 摄 | |
| 分册: | ||
| 出版信息: | 北京 工人出版社 2004.01 |
|
| 页数: | 1册 | |
| 开本: | 19cm | |
| 丛书名: | 中国摄影家丛书 | |
| 单 册: | ||
| 中图分类: | J421 | |
| 科图分类: | ||
| 主题词: | 摄影集--she ying ji--中国--现代 | |
| 电子资源: | ||
| ISBN: | 7-5008-3226-5 | |
| 000 | 01209nam 2200301 450 | |
| 001 | 012008677531 | |
| 005 | 20080315102958.32 | |
| 010 | @a7-5008-3226-5@dCNY30.00 | |
| 100 | @a20080315d2004 km y0chiy0120 ea | |
| 101 | 0 | @achi |
| 102 | @aCN@b110000 | |
| 105 | @aa z 000yy | |
| 106 | @ar | |
| 200 | 1 | @a解海龙@Ajie hai long@f李媚, 阮义忠主编@Fli mei,ruan yi zhong zhu bian@g[解海龙摄]@G[jie hai long she] |
| 210 | @a北京@c工人出版社@d2004.01 | |
| 215 | @a1册@c图@d19cm | |
| 225 | 2 | @a中国摄影家丛书@Azhong guo she ying jia cong shu |
| 312 | @a并列题名取自封底。 | |
| 330 | @a本书是一本关于中国少年儿童渴望学习的摄影集,竟然有着如此巨大的感染力,这就是解海龙的摄影力量。当时,自己刚开始摄影写作不久,对于国内的摄影情况包括他的摄影的具体情况并不明了,心中虽有要为他的摄影写些什么的冲动,但我也深知,一时的感动并不能保证能够写出有价值的评论。 | |
| 410 | 0 | @12001 @a中国摄影家丛书 |
| 510 | 1 | @aChinese Photographer Series@eXie Hailong@zeng |
| 606 | 0 | @a摄影集@Ashe ying ji@y中国@z现代 |
| 690 | @aJ421@v4 | |
| 701 | 0 | @a李媚@Ali mei@4主编 |
| 701 | 0 | @a阮义忠@Aruan yi zhong@4主编 |
| 702 | 0 | @a解海龙@Ajie hai long@4摄 |
| 801 | 0 | @aCN@bQSSK@c20080315 |
| 905 | @b20284059-61@dJ421@eL214@f3 | |
| 解海龙/李媚, 阮义忠主编/[解海龙摄].-北京:工人出版社,2004.01 |
| 1册:图;19cm.-(中国摄影家丛书) |
| ISBN 7-5008-3226-5:CNY30.00 |
| 本书是一本关于中国少年儿童渴望学习的摄影集,竟然有着如此巨大的感染力,这就是解海龙的摄影力量。当时,自己刚开始摄影写作不久,对于国内的摄影情况包括他的摄影的具体情况并不明了,心中虽有要为他的摄影写些什么的冲动,但我也深知,一时的感动并不能保证能够写出有价值的评论。 |
| ● |
| 相关链接 |
|
|
|
正题名:解海龙
索取号:J421/L214
 
预约/预借
| 序号 | 登录号 | 条形码 | 馆藏地/架位号 | 状态 | 备注 |
| 1 | 284059 | 202840596 | 社科库309/309社科库 84排4列2层/ [索取号:J421/L214] | 在馆 | |
| 2 | 284060 | 202840603 | 社科库309/309社科库 84排4列2层/ [索取号:J421/L214] | 在馆 | |
| 3 | 284061 | 202840612 | 社科库309/309社科库 84排4列2层/ [索取号:J421/L214] | 在馆 |